000 00920nam a2200217 u 4500
001 000546458
003 AM-YeHGA
005 20250617135803.0
008 070725s1988 |||| |||||||||| | rus c
020 _a505002255X
040 _aAM-YeHGA
041 1 _arus
_heng
100 1 _aТолкин, Джон Роналд Руэл
_d1892-1973.
245 1 0 _aХранители :
_bЛетопись первая из эпопеи "Властилин колец" : Пер. с англ. /
_cДжон Рональд Руэл Толкиен ; Пер. с англ. В. Муравьева, А. Кистяковского.
260 _aМосква :
_bРадуга,
_c1988.
300 _a495 с. :
_bил.
534 _pОригинал:
_tThe fellowship of the ring /
_aJ.R.R. Tolkien -
_cLondon: 1954
653 0 _aСказки английские (д. л.)
700 1 _aМуравьев, В.
_eпер.
_4trl
090 _c208700
999 _c207196
_d207196